000 00315 a2200133 4500
999 _c322945
_d322945
001 87872
003 NUST
005 20180124143634.0
008 180124b xxu||||| |||| 00| 0 eng d
082 _a305.4 SIM
100 _aSimone de Beauvoir
_99719
245 _aSecond sex=AURAT
_hUrdu translation
260 _alAHORE
_bFiction House
_c2013
300 _a918p
650 _awomen-
_99720
942 _aCAE NUST
_cBK
_k305.4 SIM
_2ddc